000 00417nam a2200169Ia 4500
008 170705s9999 xx 000 0 und d
020 _a9781863885270
245 _aShoes from grandpa /
245 _cMem Fox ; illustrated by Patricia Mullins.
260 _aNew York :
260 _bScholastic,
260 _c1989
300 _aunpaged :
300 _bcolor illustration ;
300 _c28cm.
500 _a540
999 _c336029
_d336029